000 01671cam a22004814i 4500
003 PE-LiUPU
005 20250731173153.0
008 150623s r 000 0 d
020 _a096711280X
035 _a(Sirsi) i9780967112800
040 _aPE-LiUPU
_bspa
_cPE-LiUPU
_erda
049 _aPRUA
082 0 4 _a266.001
_bD99
_221
100 1 _aDybdahl, Jon L.,
_eautor.
245 1 0 _aPassport to Mission /
_cJon L. Dybdahl.
250 _a2a
264 1 _aBerrien Springs, Michigan :
_bInstitute of World Mission,
_c1999.
300 _a167 páginas :
_bilustraciones, gráficos ;
_c22 centímetros
336 _atext
_2rdacontent
337 _aunmediated
_2rdamedia
338 _avolume
_2rdacarrier
504 _aIncluye bibliografía.
505 0 _aWhy you are needed. Getting charged up for mission. Dealing with cultural differences. Sharing Christ in a different culture. How to Be prepared.
526 _aSEG42
526 _aSEG41
526 _aSEG40
526 _aSEG39
526 _aP94
526 _aP87
526 _aP86
526 _aP85
526 _aP77
526 _aP76
526 _aP35
650 0 4 _aMisión de la iglesia.
650 0 4 _aMisioneros
_xCitas bíblicas.
942 _2ddc
_cBOOK
949 _a266.001 D99
_wDEWEY
_c1
_i53506
_lCCODEBUL1
_mBUL
_p10.00
_r0
_sY
_tBOOK
_u2015-6-24
_xTEOLOGIA
_PP35
_0COMPRA
_o.STAFF. Colección General
994 _aC0
_bPEPRU
596 _a1
999 _a266.001 D99
_wDEWEY
_c35511
_i53506
_f2021-11-10
_g5
_lCCODEBUL1
_mBUL
_p10.00
_q1
_r0
_sY
_tBOOK
_u2015-6-24
_xTEOLOGIA
_PP35
_0COMPRA
_o.STAFF. Colección General
_d35511
980 _81
_gALBERTO SANCHEZ Responsable de Automatización